[Event "WWRR IM 2020"]
[Site "Wachtebeke"]
[Date "2020.02.24"]
[Round "5.2"]
[White "Beukema, Jasper"]
[Black "Huynh, Laurent"]
[Result "1-0"]
[WhiteElo "2329"]
[BlackElo "2273"]
[Annotator "TA"]
[PlyCount "105"]
[EventDate "2020.02.22"]
[EventType "tourn"]
[EventCountry "BEL"]
[SourceTitle "playchess.com"]
[Source "ChessBase"]
[SourceQuality "1"]

{[%evp 21,105,2,25,-6,-7,0,0,-41,30,31,30,20,18,12,18,-18,-20,-23,2,-22,0,-147,11,-64,-36,-41,-31,-35,-25,-49,0,0,0,-54,-12,-14,-14,-13,56,55,68,72,152,131,304,304,270,277,521,530,502,487,652,641,619,483,457,419,419,419,419,419,419,419,419,419,439,419,419,419,419,419,485,496,507,493,649,555,561,533,637,631,560,569,458,423]} 1. d4 Nf6 2. c4 e6 3. Nc3 d5 4. cxd5 exd5 5. Bg5 c6 6. Qc2 Be7 7. e3 h6 8. Bh4 O-O 9. Bd3 Nbd7 10. Nge2 Re8 11. f3 $1 {[%mdl 4] is now more promising than 11.0-0.} c5 12. Bb5 {[#] D36: Queen's Gambit Declined: Exchange Variation: Main line (5 Bg5 c6 6 Qc2).} a6 $146 ({Predecessor:} 12... cxd4 13. Nxd4 Bb4 14. O-O Bxc3 15. Qxc3 a6 16. Ba4 b5 17. Bc2 Bb7 18. Nf5 Rc8 19. Qd2 Ne5 20. Rac1 Qb6 21. b3 Ng6 22. Bg3 Rcd8 23. Bb1 Rd7 24. Qd4 Qxd4 25. exd4 Nh5 {½-½ (25) Garkauskas,O (2060)-Lopes,R (1944) Mogi das Cruzes 2012}) 13. Bxd7 Qxd7 14. dxc5 {The position is equal.} g5 ({Worse is} 14... Bxc5 15. Bxf6 gxf6 16. Rd1 $16) (14... Ng4 $1 $15 15. Bf2 (15. Bxe7 $2 Nxe3 {[%mdl 64] Double Attack} 16. Qd2 Qxe7 $19) 15... Nxf2 16. Kxf2 Bxc5) 15. Bf2 $1 $11 Bxc5 16. Qd2 Qe7 {[%cal Rc5e3]} 17. Nd4 Be6 18. g4 Nd7 $36 {[%mdl 2048] White is under pressure.} 19. Bg3 Qf6 {Strongly threatening ...Bxd4.} 20. O-O Ne5 {And now ...Nc4 would win.} 21. Nce2 (21. Nxe6 $11 {keeps the balance.} Qxe6 22. Qxd5 Bxe3+ 23. Kh1) 21... Rac8 $2 (21... Nc4 $17 22. Qc3 Bd7) 22. b3 ({White should play} 22. Bxe5 $1 $11 Qxe5 23. Ng3) 22... Nc6 23. h3 Bb4 24. Qd1 $1 Bd7 {aiming for ...Nxd4.} 25. Nc2 Bc3 26. Nxc3 Qxc3 27. f4 ({White should try} 27. Rf2 $11) 27... Ne7 28. Rf2 Bb5 29. fxg5 {Qf3 is the strong threat.} hxg5 (29... Bd3 $1 $11 30. Qf3 Nf5) 30. Qf3 $1 $14 {[%cal Rf3f7]} Qg7 {White must now prevent ...Rxc2!} 31. Rd1 $1 Bc6 ({Better is} 31... Rc3) 32. Nd4 $16 Rcd8 $2 {Loses the game.} (32... Ng6 $16 {was worth a try.} 33. Nf5 d4) 33. h4 $18 Ng6 34. hxg5 Ne5 $2 {[#]} (34... Bd7 35. Nf5 Bxf5) 35. Bxe5 $1 Rxe5 {[#]} 36. Nf5 $1 {[%cal Rf5g7]} Qg6 37. Nh6+ Kg7 38. Qxf7+ Qxf7 39. Nxf7 Rde8 40. Nxe5 Rxe5 {[%mdl 4096] Endgame KRR-KRB} 41. Rd3 Rxg5 42. Rf4 Re5 43. Kf2 Kg6 44. Rd1 Re8 45. Ke2 Rh8 46. Kd3 Rh2 47. Rd2 {White is clearly winning.} Rh1 48. Kd4 Re1 49. Rc2 Rd1+ 50. Ke5 Rd3 51. Rxc6+ bxc6 52. Rf6+ {[%mdl 64] Double Attack} Kg5 53. Rxc6 {Accuracy: White = 80%, Black = 48%.} 1-0

[Event "WWRR IM 2020"]
[Site "Wachtebeke"]
[Date "2020.02.24"]
[Round "5.3"]
[White "Risting, Eivind Olav"]
[Black "De Ruiter, Danny"]
[Result "1-0"]
[WhiteElo "2289"]
[BlackElo "2265"]
[Annotator "TA"]
[PlyCount "85"]
[EventDate "2020.02.22"]
[EventType "tourn"]
[EventCountry "BEL"]
[SourceTitle "playchess.com"]
[Source "ChessBase"]
[SourceQuality "1"]

{[%evp 25,84,31,52,22,147,126,147,84,111,106,102,111,155,124,130,73,140,137,169,159,162,167,164,159,197,190,186,188,191,182,222,212,214,211,259,218,309,312,294,311,1118,1110,1326,1292,1333,1321,1310,0,1297,1259,29971,29971,29944,246,381,0,5289,2251,1544,1434,29999]} 1. d4 d5 2. c4 c6 3. Nc3 Nf6 4. e3 e6 5. Nf3 Be7 6. Bd3 Nbd7 7. b3 b6 8. O-O Bb7 9. Bb2 O-O 10. Qc2 c5 11. cxd5 exd5 12. Rfd1 Rc8 13. Qe2 Ne4 14. dxc5 {[#] E14: Queen's Indian: Classical Variation (4 e3).} bxc5 $146 (14... Nxc3 $11 {remains equal.} 15. Bxc3 Nxc5) ({Predecessor (3):} 14... Nxc3 15. Bxc3 bxc5 16. Rac1 Qb6 17. Bf5 Rcd8 18. Qd2 Qd6 19. Qb2 d4 20. Nxd4 cxd4 21. Rxd4 Qc6 {½-½ (34) Mikhalchishin,A (2527)-Krysztofiak,M (2385) Warsaw 2004}) 15. Bxe4 $1 $16 dxe4 {[#]} 16. Nd2 (16. Ne5 $142 $1 {[%mdl 512]} Nxe5 17. Rxd8 Rfxd8 18. Nxe4) 16... f5 17. Nc4 Ba6 18. Nxe4 Qc7 ({Avoid the trap} 18... fxe4 $2 {[#]} 19. Qg4 $1 $18 {[%mdl 512]}) 19. Ng3 Nb6 20. Nh5 (20. Qc2 $142) 20... g6 ({Better is} 20... Rf7) 21. Nf4 {Black must now prevent Ne6.} Nxc4 22. bxc4 {Threatens to win with Nd5.} Bb7 23. Nd5 Bxd5 24. Rxd5 Bf6 25. Rad1 Bxb2 26. Qxb2 {And now Rd7 would win.} Qb6 27. Qe2 Rf7 28. h4 Qf6 29. g3 Rb7 30. Qd3 Rcc7 (30... Rf7 $142 31. Rd6 Qe7) 31. Rd8+ $18 Kg7 32. Qd5 Rb2 $2 (32... Kh6 33. Rd6 Qf7) 33. Qg8+ Kh6 34. R8d7 Rxd7 35. Rxd7 {[%csl Gg8][%cal Rd7h7][%mdl 4096] Endgame KQR-KQR} Kh5 36. Rxh7+ $40 {[%mdl 128] Black needs to defend precisely.} Kg4 {( -> ...Kh3)} 37. Qd5 Qc3 38. Qd1+ Kh3 39. Qf1+ $2 (39. g4 {mates} Rb1 40. Qxb1 Qxc4 41. Qf1+ Qxf1+ 42. Kxf1 Kxg4 43. Rxa7 f4 44. a4) 39... Kg4 40. Qd1+ $2 (40. Rh6 Qg7 41. Kg2 Qb7+ 42. Kh2) 40... Kh3 41. h5 (41. g4 $142 Rb1 42. Qxb1 Qxc4 43. Qf1+ Qxf1+ 44. Kxf1 Kxg4 45. Rxa7) 41... g5 42. h6 {[%cal Rd1h5]} g4 43. Qf1# {Accuracy: White = 62%, Black = 40%.} 1-0

[Event "WWRR IM 2020"]
[Site "Wachtebeke"]
[Date "2020.02.24"]
[Round "5.4"]
[White "Blom, Vincent"]
[Black "Grochal, Joey"]
[Result "0-1"]
[WhiteElo "2308"]
[BlackElo "2303"]
[Annotator "TA"]
[PlyCount "86"]
[EventDate "2020.02.22"]
[EventType "tourn"]
[EventCountry "BEL"]
[SourceTitle "playchess.com"]
[Source "ChessBase"]
[SourceQuality "1"]

{[%evp 12,86,-14,-17,-16,-12,14,16,25,36,24,14,24,21,22,0,0,-3,0,-20,-22,-34,0,-30,-12,-21,-22,-25,-21,-41,-42,-50,-54,-60,-53,-89,-87,-103,-94,-117,-110,-110,-108,-104,-101,-105,-68,-68,-68,-89,-47,-118,-126,-126,-104,-136,-78,-78,-76,-118,-129,-119,-117,-303,-222,-470,-583,-554,-545,-1672,-497,-2164,-2120,-1540,-683,-5039,-4741]} 1. c4 e6 2. g3 Nf6 3. Bg2 d5 4. cxd5 exd5 5. Nf3 Be7 6. O-O O-O 7. d3 Re8 {A14: English Opening: 1...e6 with b3 by White.} 8. Nc3 {[#]} Bf8 $146 ({Predecessor:} 8... d4 9. Nb5 c5 10. a4 Nc6 11. Bd2 Be6 12. Ng5 Bd5 13. Ne4 Nxe4 14. dxe4 Be6 15. f4 {0-1 (29) Mamedov,E (2210)-Kharitonov,E (1956) Sochi 2019}) 9. Bg5 Na6 {The position is equal.} 10. e4 dxe4 11. dxe4 {Black must now prevent Qxd8.} Qxd1 12. Rfxd1 c6 13. e5 Nd7 14. Ne4 f6 15. Be3 (15. Bxf6 {looks sharper.} Nac5 16. Nxc5 Bxc5 17. Bg5 Nxe5 18. Nxe5 Rxe5 19. Rd8+) 15... Nxe5 16. Nxe5 fxe5 17. Bf1 Nc7 18. Bc4+ Be6 19. Bxe6+ Rxe6 20. Rd7 Re7 $36 {[%mdl 2048] Black has good play.} 21. Rad1 Nd5 22. Rxe7 Bxe7 23. Nc3 Nf6 24. h3 Kf7 25. Bg5 h6 26. Bxf6 gxf6 $17 {[%mdl 4096] Endgame KRB-KRN} ({Don't play} 26... Kxf6 $6 27. Rd7 $11) 27. g4 Ke6 28. Kg2 Bc5 29. Ne4 Bd4 30. b3 {[#]} h5 $1 {[%mdl 512]} 31. Ng3 (31. f4 $15) (31. gxh5 Rg8+) 31... hxg4 32. hxg4 c5 33. Rh1 Rg8 (33... b5 $142 $1 34. Nf5 c4 35. bxc4 bxc4) 34. Kf3 {[#]} b5 $1 {[%cal Bb7b5,Bb5c4,Bc4c3][%mdl 32]} 35. Ne4 c4 36. bxc4 bxc4 37. Rh6 $2 {White does not recover from this.} (37. Rc1 $17) 37... Rc8 {...c3 is the strong threat.} 38. Nxf6 $2 {[#]} (38. Rxf6+ {was necessary.} Ke7 39. Rh6) 38... c3 $1 $19 {Black is clearly winning.} 39. Ne4+ Kd5 40. Rd6+ Kc4 {aiming for ...c2.} 41. Rh6 (41. Ke2 $142 c2 42. Nd2+ Kc5 43. Rf6) 41... Kd3 42. Nxc3 Rxc3 (42... Rf8+ $142 43. Kg3 Bxf2+ 44. Kg2 Kxc3) 43. g5 Rc2 {Accuracy: White = 57%, Black = 75%.} 0-1

[Event "WWRR IM 2020"]
[Site "Wachtebeke"]
[Date "2020.02.24"]
[Round "5.5"]
[White "Hautot, Stephane"]
[Black "Defromont, Benjamin"]
[Result "1/2-1/2"]
[WhiteElo "2322"]
[BlackElo "2263"]
[Annotator "TA"]
[PlyCount "99"]
[EventDate "2020.02.22"]
[EventType "tourn"]
[EventCountry "BEL"]
[SourceTitle "playchess.com"]
[Source "ChessBase"]
[SourceQuality "1"]

{[%evp 13,99,50,53,50,59,31,45,55,46,0,0,0,0,0,0,0,13,-11,-15,-10,0,0,0,-22,-18,-6,-12,-20,11,0,0,0,-2,-2,-12,-11,0,-22,0,-42,0,-154,-162,-148,-158,-248,-249,-328,-252,-613,-259,-634,-56,-212,-62,-54,-54,-55,-35,-39,-14,-14,-12,-18,-18,-23,0,0,0,0,0,0,0,0,0,0,0,0,0,0,0,0,0,0,0,0,0,0]} 1. e4 e5 2. Nf3 Nc6 3. d4 exd4 4. Bc4 g6 5. Nxd4 Bg7 6. Nxc6 bxc6 7. O-O d6 8. Nc3 {C50: Hungarian Defence and Giuoco Pianissimo.} Be6 9. Qe2 Qd7 10. f4 {White is slightly better.} Ne7 {[#]} 11. Bd3 $146 (11. f5 $5 gxf5 12. exf5 Bxf5 13. Bg5 Bd4+ 14. Kh1 $11) ({Predecessor:} 11. h3 O-O 12. Bd2 Rae8 13. Bb3 f5 14. Rae1 fxe4 15. Bxe6+ Qxe6 16. Qxe4 Qxe4 17. Rxe4 {0-1 (35) Correia,M (2115)-Sabuk,P (2371) Lisbon 2020}) 11... f5 $1 12. Bd2 O-O 13. Rae1 Rae8 14. b3 c5 15. e5 Nc6 16. Na4 Nd4 17. Qf2 Bd5 18. c3 Ne6 19. Nb2 dxe5 20. fxe5 Be4 21. Bxe4 fxe4 22. Qe2 Bxe5 23. Rxf8+ Nxf8 24. Qc4+ Kh8 25. Be3 Qg4 $36 {[%mdl 2048] Black fights for an advantage.} 26. Qe2 Qh4 27. h3 $2 (27. g3 $11 Bxg3 28. hxg3 Qxg3+ 29. Kf1) 27... Bxc3 $17 28. Rd1 Ne6 {...Nd4 is the strong threat.} 29. Na4 (29. Nc4 $17) 29... Bd4 $19 {Strongly threatening ...Qg3.} 30. Kh1 Rf8 31. Rc1 $2 {[#]} (31. Bg1) 31... Rf5 (31... Rf3 $142 $1 {[%mdl 512]} 32. Bg1 {[#]} (32. gxf3 Qxh3+) 32... Bxg1 $1 {[%mdl 512]} 33. Rxg1 Nd4) 32. Nc3 $2 (32. Qg4 Qxg4 33. hxg4) 32... Be5 $2 (32... Ng5 $19 {( -> ...Nxh3!)} 33. Qe1 Qxe1+ {[%mdl 64] Overworked Piece} 34. Rxe1 Bxc3) 33. Bg1 $2 (33. Qg4 $1 $15 Qe7 34. Qxe4) 33... Ng5 (33... Qg5 $19 34. Qd1 e3) 34. Qg4 $1 $15 {[%cal Rg4h4]} Qxg4 35. hxg4 Rf7 {White must now prevent ...Bd4.} 36. Bxc5 a6 37. Be3 Bf4 38. Nd5 Bxe3 39. Nxe3 $11 {[%mdl 4096] Endgame KRN-KRN} Rd7 40. Kg1 {The position is equal.} Ne6 (40... Rd3 {looks sharper.} 41. Nf1 e3 42. Re1 Rd4 43. Nxe3 c5) 41. Rc4 Rd4 42. Rxd4 Nxd4 {KN-KN} 43. Kf2 Kg7 44. Nd5 c6 45. Nc3 Kf6 {Hoping for ...Ke5.} 46. Nxe4+ Ke5 47. Nc5 Kf4 48. Nxa6 Kxg4 49. b4 Kf4 50. Nc5 {Black had all chances to win. Accuracy: White = 62%, Black = 74%.} 1/2-1/2

[Event "WWRR IM 2020"]
[Site "Wachtebeke"]
[Date "2020.02.25"]
[Round "6.1"]
[White "Dgebuadze, Alexandre"]
[Black "Defromont, Benjamin"]
[Result "1-0"]
[WhiteElo "2485"]
[BlackElo "2263"]
[Annotator "TA"]
[PlyCount "119"]
[EventDate "2020.02.22"]
[EventType "tourn"]
[EventCountry "BEL"]
[SourceTitle "playchess.com"]
[Source "ChessBase"]
[SourceQuality "1"]

{[%evp 9,119,39,42,37,32,32,33,36,28,37,38,40,42,19,39,35,39,47,53,41,53,54,56,55,57,45,43,52,42,38,45,12,14,1,16,5,10,10,13,17,14,2,2,2,2,2,2,2,2,2,2,2,2,2,3,3,3,4,10,6,67,67,71,67,67,67,67,67,83,67,67,0,67,67,67,67,67,67,76,0,75,76,76,76,76,85,316,294,377,174,369,345,249,16,59,59,59,51,12840,12840,12841,12840,12841,12842,12845,12845,12845,12845,12845,12846,12847,12845]} 1. e4 c6 2. d4 d5 3. Nc3 dxe4 4. Nxe4 h6 5. Nf3 Bf5 6. Bd3 {B15: Caro-Kann: 3 Nc3: 3...g6 and 3...dxe4 4 Nxe4 Nf6 5 Nxf6+ exf6.} e6 7. O-O Bxe4 8. Bxe4 {White is slightly better.} Nf6 9. Bd3 Bd6 10. c4 O-O 11. b3 Nbd7 12. Bb2 Qc7 13. Re1 Rfe8 {[#]} 14. Qc2 $146 ({Predecessor:} 14. Qe2 Rad8 15. Rad1 Bb4 16. Rf1 b6 17. Ne5 Bd6 18. f4 c5 19. dxc5 Qxc5+ 20. Kh1 {1-0 (27) Siva,M (2370)-Beadle,J (1560) Caleta 2016}) 14... Rad8 15. a3 c5 16. dxc5 Nxc5 17. Bf1 e5 {next ...e4 is good for Black.} 18. b4 Ncd7 {Threatening ...e4.} 19. Bd3 b6 20. Bf5 a5 21. Qc3 axb4 22. axb4 e4 23. Rxe4 Rxe4 24. Bxe4 {White wants to play Bf5.} Ne5 25. Bh7+ Kxh7 26. Nxe5 Bxe5 27. Qxe5 Qxc4 28. Qf5+ Kg8 {Threatens to win with ...Qe2.} 29. Bxf6 gxf6 30. Qxf6 Qd4 $132 {[%mdl 2048] Black puts up resistance} 31. Qxd4 Rxd4 $11 {[%mdl 4096] Endgame KR-KR} 32. Rb1 b5 33. Kf1 Rd2 34. Rb3 {With the idea Rh3.} Kg7 (34... Rd1+ $11 35. Ke2 Rd4) 35. Rg3+ $1 $14 Kf6 36. Rf3+ Kg6 $1 37. Rf4 $1 f5 38. g3 h5 39. Kg2 Rd3 40. Kf1 Rd2 41. Ke1 Rb2 42. h3 Kg5 43. Rd4 Kf6 44. Rd6+ ({White should try} 44. Kf1 $1 $16) 44... Kg7 (44... Ke5 $11 {keeps the balance.} 45. Rh6 Rxb4) 45. Rd5 $16 Rxb4 46. Rxf5 Kg6 47. Re5 Rb2 $2 {[#]} (47... Rb3 $16) 48. Kf1 $1 $18 Rb4 49. Rc5 (49. Kg2 $142 Rb3 50. Re6+ Kg7 51. g4) 49... Rb2 $2 (49... Rb1+ 50. Ke2 Rb2+ 51. Kf3 Rb3+ 52. Kf4 h4 53. gxh4 Rxh3) 50. Rc6+ Kg7 {[#]} 51. Rb6 $2 ({Only move:} 51. Kg2 $1 $18) 51... b4 52. Kg2 Rb3 $1 53. g4 hxg4 $2 {[%mdl 8192]} (53... h4 $14) 54. hxg4 {White is clearly winning.} Rb1 55. Kf3 b3 56. Kf4 Rb2 57. f3 Rb1 58. Kg5 b2 59. Rb7+ Kf8 60. f4 {Accuracy: White = 85%, Black = 74%.} 1-0

[Event "WWRR IM 2020"]
[Site "Wachtebeke"]
[Date "2020.02.25"]
[Round "6.3"]
[White "De Ruiter, Danny"]
[Black "Blom, Vincent"]
[Result "1/2-1/2"]
[WhiteElo "2265"]
[BlackElo "2308"]
[Annotator "TA"]
[PlyCount "29"]
[EventDate "2020.02.22"]
[EventType "tourn"]
[EventCountry "BEL"]
[SourceTitle "playchess.com"]
[Source "ChessBase"]
[SourceQuality "1"]

{[%evp 27,29,0,39,0]} 1. e4 e5 2. Nf3 Nc6 3. Bb5 Nf6 4. O-O d6 5. Re1 a6 6. Ba4 b5 7. Bb3 Be7 8. h3 O-O 9. c3 Bb7 10. d4 Re8 11. Ng5 Rf8 12. Nf3 Re8 13. Ng5 Rf8 14. Nf3 Re8 15. Ng5 {An uneventful encounter. C92: Closed Ruy Lopez: 9...Be6, Karpov and Flohr-Zaitsev Variations.} 1/2-1/2

[Event "WWRR IM 2020"]
[Site "Wachtebeke"]
[Date "2020.02.25"]
[Round "6.4"]
[White "Huynh, Laurent"]
[Black "Risting, Eivind Olav"]
[Result "0-1"]
[WhiteElo "2273"]
[BlackElo "2289"]
[Annotator "TA"]
[PlyCount "86"]
[EventDate "2020.02.22"]
[EventType "tourn"]
[EventCountry "BEL"]
[SourceTitle "playchess.com"]
[Source "ChessBase"]
[SourceQuality "1"]

{[%evp 19,86,51,69,22,28,-16,-14,-26,-27,-171,-161,-167,-162,-156,-158,-188,-153,-171,-83,-78,67,75,75,74,50,50,63,-152,-149,-214,-214,-214,-213,-208,-189,-204,-194,-244,-241,-237,-183,-265,-243,-284,-287,-474,-254,-251,-184,-1150,-357,-355,-352,-341,-297,-416,-364,-759,-405,-402,-306,-360,-315,-662,-679,-594,-582,-537,-516]} 1. e4 c5 2. Nf3 d6 3. d4 cxd4 4. Nxd4 Nf6 5. Nc3 Nc6 6. Bg5 e6 7. Qd2 a6 8. O-O-O Bd7 9. f4 h6 {9...Be7 is setting a new trend.} 10. Bh4 b5 11. Nxc6 {B67: Sicilian: Richter-Rauzer: 7...a6 8 0-0-0 Bd7, lines without 9 f4 Be7.} (11. Bxf6 $5 gxf6 12. Nce2 $11) 11... Bxc6 12. Qd4 {[#]} Be7 $146 ({Predecessor:} 12... Rc8 13. Be2 Be7 14. Bf3 O-O 15. g4 Qc7 16. g5 hxg5 17. Bxg5 e5 18. Qd2 b4 {0-1 (41) Farago,S (2299)-Popovics,A (2320) Budapest 2002}) 13. Bxf6 {The position is equal.} Bxf6 14. e5 (14. Qxd6 $11 {and White has nothing to worry.} Qb6 15. Nd5 exd5 16. exd5 Qe3+ 17. Kb1) 14... dxe5 $19 {[%mdl 64] Discovered Attack} 15. Qc5 Qc8 $1 16. fxe5 Be7 17. Qf2 b4 18. Ne2 Bd5 (18... O-O $19 {...Qc7 is the strong threat.} 19. Nd4 Bb7) 19. Kb1 $17 Bxa2+ (19... Qd8 $17 20. b3 Qa5) 20. Kxa2 $14 Qxc2 {( -> ...b3+)} 21. Rc1 Qa4+ 22. Kb1 O-O {Threatens to win with ...Rac8.} 23. g3 $2 {[#]} (23. Rc4 $14) 23... Rad8 $1 $17 {Black continues to play with concentration.} ({Weaker is} 23... b3 24. Nc3 $14) 24. Nd4 (24. Qb6 $17) 24... b3 $19 25. Nxb3 Qxb3 26. Bc4 Qb4 {Strongly threatening ...Rd2.} 27. Rc2 a5 28. Rf1 Bc5 29. Qe2 Rd4 30. g4 (30. Rfc1 $142) 30... Rfd8 {And now ...Rd2 would win.} 31. Rfc1 Rd2 32. Qf1 $2 (32. Qf3) 32... Rxc2 (32... a4 $142 {aiming for ...a3.} 33. Qf3 a3 34. Rxd2 Qxd2) 33. Rxc2 Rd2 $40 {[%mdl 128] Black has strong attack.} 34. Qf4 $2 (34. Rxd2 Qxd2 35. Qe2) 34... Rd4 $2 (34... Rd1+ 35. Rc1 {[#]} Bd4 $1 {[%mdl 512]}) 35. Qc1 Rxg4 {White must now prevent ...Rg1.} 36. Bf1 Bf8 37. Rf2 (37. Bg2 {keeps fighting.}) 37... Re4 {Hoping for ...Re1!} 38. Qc2 $2 (38. Re2) 38... Rxe5 39. Bd3 {and the idea Bh7+ leaves White hopeful.} Qc5 ({Much less strong is} 39... Re1+ 40. Ka2 $19) 40. Bh7+ Kh8 41. Rxf7 $2 (41. Bd3) 41... Re1+ {Black is clearly winning.} 42. Ka2 Qd5+ 43. b3 {[%cal Rf7f8]} Qd6 {Accuracy: White = 37%, Black = 61%.} 0-1

[Event "WWRR IM 2020"]
[Site "Wachtebeke"]
[Date "2020.02.25"]
[Round "6.5"]
[White "De Rover, Yong Hoon"]
[Black "Beukema, Jasper"]
[Result "0-1"]
[WhiteElo "2370"]
[BlackElo "2329"]
[Annotator "TA"]
[PlyCount "88"]
[EventDate "2020.02.22"]
[EventType "tourn"]
[EventCountry "BEL"]
[SourceTitle "playchess.com"]
[Source "ChessBase"]
[SourceQuality "1"]

{[%evp 19,88,51,41,59,43,52,50,33,38,45,64,56,66,37,64,47,54,28,46,15,20,10,12,8,0,0,14,0,13,3,8,8,31,0,22,18,20,0,0,-9,0,-32,-50,-151,-151,-142,-145,-151,-151,-137,-113,-243,-242,-444,-424,-429,-408,-500,-500,-500,-500,-500,-473,-460,-440,-647,-641,-570,-526,-500,-463]} 1. Nf3 d5 2. c4 e6 3. g3 Nf6 4. Bg2 Be7 5. O-O O-O 6. d4 dxc4 7. Na3 c5 8. Nxc4 Nc6 9. dxc5 Bxc5 10. Bf4 Nd5 11. Rc1 {E05: Open Catalan: 5 Nf3 Be7.} Nxf4 12. gxf4 Qe7 {[#]} 13. Qb3 $146 {White is slightly better.} ({Predecessor:} 13. Nce5 Nb4 14. a3 Nd5 15. e3 Bb6 16. Qb3 Bd7 17. Nxd7 Qxd7 18. Ne5 Qe7 19. Bxd5 exd5 20. Qxd5 {1-0 (57) Shtyrenkov,V (2455)-Mikulcik,L (2305) Zlin 1995}) 13... Rb8 14. Rfd1 Rd8 15. Rxd8+ Qxd8 16. Nce5 {Black must now prevent Nxc6.} Nxe5 17. Nxe5 Bb6 18. a4 f6 19. Nd3 (19. Bh3 {keeps more tension.} fxe5 20. Rxc8 Rxc8 21. Qxe6+ Kh8 22. Qxc8 Qxc8 23. Bxc8 exf4 24. b4) 19... Qe7 20. Rc4 Bd7 21. Qc3 a5 22. b3 Qd6 23. Bf3 Kf8 24. e3 Be8 25. Nb2 Qd7 26. Qc2 h6 27. Rc3 Bd8 28. Be4 f5 29. Bf3 Bf6 30. Rc7 Qd6 {Threatens to win with ...Bxb2.} 31. Rxb7 (31. Rc4 $1 $15) 31... Rxb7 $17 32. Bxb7 Qb4 $36 {[%mdl 2048] Keeping White busy.} 33. Bc8 Bxb2 $1 34. Bxe6 ({Don't blunder} 34. Qxb2 $2 Bxa4 $1 {[%mdl 512]} 35. Qc1 (35. Bxe6 $2 Qe1+ 36. Kg2 Bc6+ 37. e4 Qxe4+ {[%mdl 64] Double Attack} 38. Kf1 Qxe6 $19) 35... Bxb3 $19) 34... Bf6 35. Bxf5 {[#] This move loses the game for White.} (35. Qxf5 $17 Qe7 36. Bd5) 35... Qc3 $1 $19 36. Qxc3 $2 (36. Qb1) 36... Bxc3 37. Bc2 Bc6 38. h3 Ke7 {Black is clearly winning.} 39. Kh2 Kd6 40. Kg3 Be1 41. e4 Kc5 42. Kf3 (42. e5 $142 Bb7 43. h4) 42... Kd4 43. Ke2 Bb4 44. f3 Bd7 {Accuracy: White = 62%, Black = 100%.} 0-1

[Event "WWRR IM 2020"]
[Site "Wachtebeke"]
[Date "2020.02.26"]
[Round "7.1"]
[White "Beukema, Jasper"]
[Black "Dgebuadze, Alexandre"]
[Result "1/2-1/2"]
[WhiteElo "2329"]
[BlackElo "2485"]
[Annotator "TA"]
[PlyCount "36"]
[EventDate "2020.02.22"]
[EventType "tourn"]
[EventCountry "BEL"]
[SourceTitle "playchess.com"]
[Source "ChessBase"]
[SourceQuality "1"]

{[%evp 9,36,-15,0,-23,31,19,35,38,87,68,69,57,100,72,96,88,83,95,164,59,45,28,27,28,35,35,34,43,46]} 1. e4 e6 2. d4 d5 3. exd5 exd5 4. Bd3 c5 5. Qe2+ Be7 {[#] Hoping for ...c4.} 6. dxc5 {C01: French: Exchange Variation.} Nc6 (6... Nf6 $11) 7. Nf3 $14 Bg4 8. h3 {[#]} Bh5 $146 ({Predecessor:} 8... Nd4 9. Qe3 Nxf3+ 10. gxf3 Bd7 11. Qd4 Nf6 12. Nc3 Bc6 13. Rg1 Qd7 14. Bf4 Qxh3 {1-0 (41) Santacroce,F-Pelosin,M Paderno del Grappa 2000}) 9. g4 Bg6 10. Nc3 Nf6 11. Bg5 {Threatens to win with Bxg6.} O-O 12. Bxg6 hxg6 13. O-O-O Re8 (13... Qa5 $16) 14. Rhe1 ({White should try} 14. Qb5 $18) 14... Bxc5 15. Qxe8+ Qxe8 16. Rxe8+ Rxe8 17. Bxf6 gxf6 18. Nxd5 Kg7 {Accuracy: White = 69%, Black = 61%.} 1/2-1/2

[Event "WWRR IM 2020"]
[Site "Wachtebeke"]
[Date "2020.02.26"]
[Round "7.2"]
[White "Risting, Eivind Olav"]
[Black "De Rover, Yong Hoon"]
[Result "1-0"]
[WhiteElo "2289"]
[BlackElo "2370"]
[Annotator "TA"]
[PlyCount "39"]
[EventDate "2020.02.22"]
[EventType "tourn"]
[EventCountry "BEL"]
[SourceTitle "playchess.com"]
[Source "ChessBase"]
[SourceQuality "1"]

{[%evp 15,39,32,39,37,116,118,70,91,86,50,201,193,292,275,248,246,495,512,506,492,533,347,525,526,518,518]} 1. d4 Nf6 2. c4 e6 3. Nf3 b6 4. a3 Ba6 5. Qc2 c5 6. d5 exd5 7. cxd5 g6 8. Nc3 Bg7 9. h4 {E12: Queen's Indian: Unusual White 4th moves, 4 a3, 4 Nc3 Bb7 5 a3 and 4 Nc3 Bb7 .} h6 {[#]} ({Black should play} 9... O-O $14) 10. g4 $146 ({Predecessor:} 10. h5 g5 11. e4 Bxf1 12. Kxf1 Ng4 13. Bd2 d6 14. Ne2 Nd7 15. Ng3 Be5 16. Nf5 Qf6 {1-0 (28) Jianu,V (2529)-Soltanici,R (2416) Targu Mures 2019}) 10... d6 11. g5 {White is slightly better.} hxg5 12. Bxg5 Nbd7 $2 {[#] This move loses the game for Black.} (12... Qc7 $14) 13. Qa4 Qc8 (13... Bb7 {was worth a try.}) 14. Bh3 $18 b5 15. Qf4 ({Less strong is} 15. Nxb5 Bxb5 16. Qxb5 Rb8 $14) 15... Qb8 $2 (15... Qc7 {is a better defense.} 16. Bxd7+ Nxd7) 16. Ne4 {[%mdl 64] [#] Overworked Piece} Nxe4 17. Bxd7+ {[%mdl 64] Overworked Piece} (17. Qxe4+ Ne5 $18) 17... Kxd7 18. Qxf7+ {[%mdl 64] Double Attack} ({Weaker is} 18. Qxe4 Re8 $17) 18... Kc8 19. Qxg7 Re8 20. Qf7 {Accuracy: White = 100%, Black = 40%.} 1-0